000 00559nam a2200217Ia 4500
003 OSt
005 20220928145106.0
006 a|||||r|||| 00| 0
007 ta
008 220927b |||||||| |||| 00| 0 eng d
024 _a78687
037 _cTextual
040 _aSDCL
_cSDCL
_beng
041 _2eng
_aeng
082 _aD65,45, L9
100 _aDhake Arvind M
_9511593
245 0 _aTelevision engineering
_b C C I R system-B standards.
260 _c1979
942 _hD65,45, L9
_cTEXL
_2CC
999 _c831888
_d831888